[Event "Solingen-ch 2013"]
[Site "Solingen"]
[Date "2013.09.27"]
[Round "2.10"]
[White "Mentzel, Markus"]
[Black "Müller, Ernst"]
[Result "1-0"]
[WhiteElo "1760"]
[BlackElo "1586"]
[PlyCount "167"]
[EventDate "2013.??.??"]
[EventRounds "7"]
[WhiteTeam "SG Solingen e.V."]
[BlackTeam "SG Solingen e.V."]

1. c4 e5 2. g3 Nc6 3. Bg2 Nf6 4. Nc3 d6 5. e4 Be6 6. d3 Qd7 7. Nd5 h6 8. Ne2
Nh7 9. Be3 f6 10. f4 Bf7 11. Qd2 Ne7 12. O-O c6 13. Nxe7 Bxe7 14. Nc3 Bd8 15.
a3 Bc7 16. b3 O-O 17. d4 exd4 18. Bxd4 Rfd8 19. Rab1 Bb6 20. Rfd1 Bh5 21. Re1
Qc7 22. Qf2 Bxd4 23. Qxd4 Qb6 24. Qxb6 axb6 25. a4 Nf8 26. Bh3 Bf7 27. Red1 Be6
28. Bxe6+ Nxe6 29. Kf2 Kf7 30. Ke3 Ke7 31. Rd2 Rd7 32. b4 g6 33. h3 Nc7 34.
Rbd1 Rad8 35. h4 Ke6 36. Rd3 Ne8 37. g4 h5 38. f5+ gxf5 39. exf5+ Ke7 40. g5
Ng7 41. Kf4 Kf7 42. Ne4 fxg5+ 43. hxg5 d5 44. Nf6 Rd6 45. cxd5 c5 46. bxc5 bxc5
47. Ne4 Rb6 48. Nxc5 Rc8 49. Ne6 Rb4+ 50. Rd4 Rb2 51. Nxg7 Kxg7 52. d6 Rf2+ 53.
Ke3 Rxf5 54. d7 Rd8 55. Rd5 Kg6 56. Rxf5 Kxf5 57. Rd5+ Ke6 58. Ke4 h4 59. g6 h3
60. Rh5 Kf6 61. Rxh3 Rxd7 62. Rg3 Kg7 63. Ke5 Rc7 64. Kd5 Rc6 65. Rg2 Ra6 66.
Rg4 Rf6 67. Kc5 Ra6 68. Kb5 Rf6 69. a5 Ra6 70. Rg5 Re6 71. Rc5 Kxg6 72. Rc7
Re5+ 73. Rc5 Re6 74. Rc7 Re5+ 75. Kb6 Re1 76. Kxb7 Rb1+ 77. Ka7 Kf6 78. a6 Ke6
79. Rb7 Rd1 80. Kb8 Rd8+ 81. Kc7 Rd7+ 82. Kc8 Rd6 83. a7 Ra6 84. Kb8 1-0

[Event "Solingen-ch 2013"]
[Site "Solingen"]
[Date "2013.09.27"]
[Round "2.11"]
[White "Sherif, Malik"]
[Black "Meckel, Helmut"]
[Result "0-1"]
[WhiteElo "1454"]
[BlackElo "1831"]
[PlyCount "72"]
[EventDate "2013.??.??"]
[EventRounds "7"]
[WhiteTeam "SG Solingen e.V."]
[BlackTeam "SG Solingen e.V."]

1. Nf3 e6 2. g3 d5 3. Bg2 c5 4. c4 Nf6 5. O-O Nc6 6. cxd5 exd5 7. d4 Bg4 8.
dxc5 Ne4 9. Nbd2 Nxc5 10. Re1 Be7 11. Nf1 d4 12. Bf4 d3 13. h3 dxe2 14. Rxe2
Bxf3 15. Bxf3 Ne6 16. Rd2 Qa5 17. Be3 O-O 18. a3 Rad8 19. Rc1 Rxd2 20. Bxd2 Qb6
21. b4 Rd8 22. Bg2 Bf6 23. Qe1 Bb2 24. Be3 Qa6 25. Rb1 Qxa3 26. Bd2 Bf6 27. b5
Ncd4 28. Bxb7 Qd3 29. Be4 Ne2+ 30. Kh2 Qxe4 31. Rb4 N6d4 32. Rxd4 Bxd4 33. Ne3
Bxe3 34. Bxe3 Nd4 35. Qd1 Nf3+ 36. Kh1 Rxd1+ 0-1

[Event "Solingen-ch 2013"]
[Site "Solingen"]
[Date "2013.09.27"]
[Round "2.12"]
[White "Barche, Uwe"]
[Black "Fränzel, Dr. Marius"]
[Result "0-1"]
[WhiteElo "1187"]
[BlackElo "1687"]
[PlyCount "68"]
[EventDate "2013.??.??"]
[EventRounds "7"]

1. c4 e5 2. g3 Nf6 3. Bg2 c6 4. d4 exd4 5. Qxd4 Na6 6. a3 Bc5 7. Qd2 Nc7 8. Nc3
O-O 9. e3 Re8 10. Nf3 d5 11. b4 d4 12. bxc5 dxc3 13. Qxc3 Ne4 14. Qd4 Qe7 15.
Bb2 f6 16. O-O Nxc5 17. Qd1 Be6 18. Qc2 Qf7 19. Rac1 Rad8 20. Nd4 Bg4 21. e4
N7e6 22. f3 Nxd4 23. Bxd4 Rxd4 24. fxg4 Nxe4 25. Rf4 Rd2 26. Qb1 Ng5 27. h4 Ne6
28. Rff1 Nd4 29. Kh1 Qc7 30. Rc3 Ree2 31. Be4 Rh2+ 32. Kg1 Ne2+ 33. Kxh2 Nxc3+
34. Kh3 Nxb1 0-1

[Event "Solingen-ch 2013"]
[Site "Solingen"]
[Date "2013.09.27"]
[Round "2.13"]
[White "Krämer, Roland"]
[Black "Ehringfeld, Michael"]
[Result "1-0"]
[WhiteElo "1637"]
[BlackElo "1360"]
[PlyCount "51"]
[EventDate "2013.??.??"]
[EventRounds "7"]
[WhiteTeam "SF Josefsheim Bigge"]
[BlackTeam "SG Solingen e.V."]

1. e4 e6 2. Qe2 Ne7 3. Nf3 d5 4. d3 dxe4 5. dxe4 Ng6 6. g3 e5 7. Bg2 Bg4 8. O-O
a6 9. Rd1 Bd6 10. Nbd2 Nc6 11. c3 Qe7 12. Nc4 Rd8 13. Ne3 Qe6 14. Qc2 Bxf3 15.
Bxf3 O-O 16. Bg4 Qf6 17. Nd5 Qe6 18. Bxe6 fxe6 19. Ne3 Rf3 20. Nc4 Rdf8 21. Be3
Nf4 22. Nxd6 Nh3+ 23. Kg2 Rxf2+ 24. Bxf2 Rxf2+ 25. Qxf2 Nxf2 26. Kxf2 1-0

[Event "Solingen-ch 2013"]
[Site "Solingen"]
[Date "2013.09.27"]
[Round "2.14"]
[White "Kopernok, Ingo"]
[Black "Schröder, Ulrich"]
[Result "1-0"]
[WhiteElo "1058"]
[BlackElo "1629"]
[PlyCount "121"]
[EventDate "2013.??.??"]
[EventRounds "7"]
[WhiteTeam "SG Solingen e.V."]
[BlackTeam "SG Ennepe-Ruhr-S"]

1. d4 Nf6 2. Nf3 g6 3. Bf4 d6 4. e3 Bg7 5. Bd3 O-O 6. O-O Nh5 7. Nc3 Nxf4 8.
exf4 Bg4 9. h3 Bd7 10. b3 c5 11. Ne2 Bc6 12. c3 Bxf3 13. gxf3 cxd4 14. cxd4 f5
15. Qd2 d5 16. Rac1 Nc6 17. Bb5 Qb6 18. Bxc6 bxc6 19. Rfd1 Rf6 20. Qe3 Re8 21.
Qe5 Rd6 22. Qe3 Bf6 23. Kg2 Qd8 24. Rh1 Qc8 25. Qd3 Re6 26. Rc2 Qb8 27. Rhc1
Qb6 28. a3 a5 29. Rb1 Ra8 30. b4 axb4 31. Rxb4 Qa7 32. Ra2 Bh4 33. Ng3 Qa5 34.
Qd2 Qa6 35. Qb2 Bxg3 36. Kxg3 Qf1 37. Ra1 Qa6 38. Rb8+ Rxb8 39. Qxb8+ Kg7 40.
Qb4 Qd3 41. a4 h6 42. h4 Re4 43. Re1 Rxe1 44. Qxe1 Kf7 45. Qa1 Kf6 46. a5 Qa6
47. Kg2 g5 48. fxg5+ hxg5 49. hxg5+ Kxg5 50. Qc1+ Kg6 51. Qc5 Kf6 52. Qb6 Qc8
53. a6 Qg8+ 54. Kf1 Qg5 55. Qxc6+ e6 56. a7 Qd2 57. a8=Q Qd3+ 58. Kg2 f4 59.
Qh8+ Kg5 60. Qg7+ Kf5 61. Qh7+ 1-0

[Event "Solingen-ch 2013"]
[Site "Solingen"]
[Date "2013.09.27"]
[Round "2.15"]
[White "Nguyen, Gia Huy Philipp"]
[Black "Barche, Robert"]
[Result "1-0"]
[WhiteElo "1625"]
[BlackElo "1257"]
[PlyCount "79"]
[EventDate "2013.??.??"]
[EventRounds "7"]
[WhiteTeam "SG Solingen e.V."]
[BlackTeam "SG Solingen e.V."]

1. e4 e6 2. Nf3 d5 3. Nc3 Nf6 4. e5 Nfd7 5. d4 c5 6. Bg5 Qb6 7. dxc5 Bxc5 8.
Qd2 O-O 9. O-O-O Nc6 10. Na4 Qb4 11. Nxc5 Nxc5 12. Qxb4 Nxb4 13. Be7 Re8 14.
Bxc5 Nc6 15. Bb5 Bd7 16. c4 a6 17. Ba4 b5 18. cxb5 axb5 19. Bb3 Na5 20. Bc2
Rec8 21. Bb4 Nc6 22. Bd6 Rxa2 23. Kb1 Ra5 24. Bb3 Rca8 25. Kc2 Rc8 26. Kd2 Raa8
27. Ra1 Rab8 28. Bxb8 Rxb8 29. Rhc1 Kf8 30. Ra6 Nb4 31. Ra7 Bc8 32. Rcc7 Ke8
33. Re7+ Kf8 34. Rxf7+ Kg8 35. Rxg7+ Kf8 36. Rxh7 Kg8 37. Rhg7+ Kf8 38. Ng5 Rb7
39. Raxb7 Bxb7 40. Rxb7 1-0

[Event "Solingen-ch 2013"]
[Site "Solingen"]
[Date "2013.09.27"]
[Round "2.16"]
[White "Kissing, Bastian"]
[Black "Schubert, Stefan"]
[Result "1-0"]
[WhiteElo "1577"]
[BlackElo "1091"]
[PlyCount "120"]
[EventDate "2013.??.??"]
[EventRounds "7"]
[WhiteTeam "SC Tornado Wuppertal 199"]
[BlackTeam "SG Solingen e.V."]

1. e4 e5 2. Nf3 Nc6 3. Bb5 a6 4. Ba4 Nf6 5. O-O Be7 6. Re1 O-O 7. Bxc6 bxc6 8.
Nxe5 Bb7 9. d4 d5 10. exd5 Qxd5 11. Nc3 Qd6 12. Bg5 c5 13. Nc4 Qd7 14. d5 Rae8
15. Qf3 Bxd5 16. Nxd5 Nxd5 17. Bxe7 Nxe7 18. Rad1 Qf5 19. Qe4 Qxe4 20. Rxe4 Rd8
21. Rde1 Rfe8 22. Kf1 Kf8 23. Na5 Nd5 24. Rxe8+ Rxe8 25. Rxe8+ Kxe8 26. c3 Nb6
27. Ke2 Kd7 28. Kd3 Nd5 29. g3 f5 30. Kc4 Nb6+ 31. Kd3 g5 32. b3 h5 33. Nb7 Kc6
34. Nd8+ Kd7 35. Nf7 g4 36. Ne5+ Kd6 37. Ng6 a5 38. Nf4 a4 39. Nxh5 Kd5 40. Ng7
c4+ 41. bxc4+ Nxc4 42. Nxf5 Ne5+ 43. Kc2 Nf3 44. Ne3+ Ke4 45. Nxg4 Ne1+ 46. Kb2
Kf3 47. h3 Nd3+ 48. Ka3 Nc5 49. Kb4 Ne4 50. Kxa4 Nxc3+ 51. Kb3 Nb5 52. a4 Nd6
53. Kb4 Ne4 54. a5 c5+ 55. Kc4 Kg2 56. h4 Kh3 57. f3 Nd6+ 58. Kxc5 Nb7+ 59. Kb6
Nxa5 60. Kxa5 Kxg3 1-0

[Event "Solingen-ch 2013"]
[Site "Solingen"]
[Date "2013.09.27"]
[Round "2.17"]
[White "Schubert, Florian"]
[Black "Kaiser, Stephan"]
[Result "0-1"]
[WhiteElo "984"]
[BlackElo "1483"]
[PlyCount "60"]
[EventDate "2013.??.??"]
[EventRounds "7"]
[WhiteTeam "SG Solingen e.V."]
[BlackTeam "SG Solingen e.V."]

1. e4 c5 2. Nf3 Nc6 3. Bc4 d6 4. O-O Nf6 5. Nc3 g6 6. Ng5 e6 7. d3 Bg7 8. Be3
O-O 9. Qe2 Bd7 10. Rad1 Qc7 11. g3 a6 12. a4 Rac8 13. Rb1 Ne5 14. h3 Nxc4 15.
dxc4 Bc6 16. Rfd1 Rcd8 17. b3 h6 18. Nf3 Nxe4 19. Nxe4 Bxe4 20. Bd2 Bxc2 21.
Qe1 Bxb1 22. Rxb1 Qc6 23. Qe2 d5 24. Bf4 dxc4 25. Qxc4 Qxf3 26. Qxc5 Bd4 27.
Qc7 Bxf2+ 28. Kh2 g5 29. Be5 Rd2 30. Qe7 Bc5# 0-1

[Event "Solingen-ch 2013"]
[Site "Solingen"]
[Date "2013.09.27"]
[Round "2.18"]
[White "Littek, Oliver"]
[Black "Nink, Niklas"]
[Result "0-1"]
[WhiteElo "982"]
[BlackElo "1454"]
[PlyCount "50"]
[EventDate "2013.??.??"]
[EventRounds "7"]
[WhiteTeam "SG Solingen e.V."]
[BlackTeam "SG Solingen e.V."]

1. e4 c5 2. Nc3 d6 3. Nf3 Nf6 4. Bc4 a6 5. O-O e6 6. d4 cxd4 7. Nxd4 b5 8. Bd3
Nbd7 9. Bg5 Be7 10. Bxf6 Nxf6 11. Qd2 Bb7 12. Rae1 O-O 13. Nf3 h6 14. e5 Bxf3
15. gxf3 dxe5 16. Kh1 Qc7 17. Rg1 Kh8 18. Rg2 Nh5 19. Qe3 Nf4 20. Qe4 f5 21.
Qxe5 Qxe5 22. Rxe5 Nxg2 23. Kxg2 Rf6 24. Kf1 Bd6 25. Re3 Bxh2 0-1

[Event "Solingen-ch 2013"]
[Site "Solingen"]
[Date "2013.10.11"]
[Round "3.1"]
[White "Boschek, Dr. Hans-Joachim"]
[Black "Schockenbäumer, Dirk"]
[Result "0-1"]
[WhiteElo "1921"]
[BlackElo "2158"]
[PlyCount "56"]
[EventDate "2013.??.??"]
[EventRounds "7"]
[WhiteTeam "SV 1922 Hilden"]
[BlackTeam "SG Solingen e.V."]

1. c4 Nf6 2. Nc3 g6 3. g3 Bg7 4. Bg2 c5 5. e4 d6 6. Nge2 Nc6 7. d3 O-O 8. O-O
e5 9. a3 a5 10. Rb1 Nd4 11. Nxd4 cxd4 12. Nd5 Nxd5 13. cxd5 Bd7 14. b4 Qb6 15.
Bd2 a4 16. f4 Qa6 17. Qe2 Bb5 18. Rf3 Rac8 19. Bh3 Rc2 20. Rc1 Ra2 21. Bf1 Rxa3
22. fxe5 dxe5 23. Bg5 f6 24. Bh4 Rc3 25. Rxc3 dxc3 26. g4 Qd6 27. Qa2 Qxb4 28.
d6+ Qb3 0-1

[Event "Solingen-ch 2013"]
[Site "Solingen"]
[Date "2013.10.11"]
[Round "3.2"]
[White "Zolfagharian, Kevin"]
[Black "Kesseler, Heiko"]
[Result "1-0"]
[WhiteElo "2041"]
[BlackElo "2024"]
[PlyCount "69"]
[EventDate "2013.??.??"]
[EventRounds "7"]
[WhiteTeam "SG Solingen e.V."]
[BlackTeam "Elberfelder SG"]

1. e4 c5 2. Nf3 e6 3. b3 b6 4. Bb2 Bb7 5. Nc3 d6 6. d4 cxd4 7. Nxd4 Nf6 8. Bd3
Be7 9. Qe2 O-O 10. f4 a6 11. O-O-O Qc7 12. g4 Nfd7 13. h4 Bf6 14. Nb1 Nc6 15.
Nxc6 Bxb2+ 16. Kxb2 Qxc6 17. g5 Nc5 18. Rhe1 Rac8 19. h5 Nxd3+ 20. Qxd3 b5 21.
h6 g6 22. Qd4 f6 23. gxf6 e5 24. fxe5 dxe5 25. Qd5+ Rf7 26. Qd8+ Rxd8 27. Rxd8+
Rf8 28. f7+ Kxf7 29. Rf1+ Ke7 30. Rdxf8 Qxe4 31. R1f7+ Ke6 32. Rf6+ Kd7 33.
R8f7+ Kc8 34. Rxh7 Kb8 35. Rf8+ 1-0

[Event "Solingen-ch 2013"]
[Site "Solingen"]
[Date "2013.10.11"]
[Round "3.3"]
[White "Maczkowiak, Thomas"]
[Black "Ferger, Jürgen"]
[Result "1-0"]
[WhiteElo "1940"]
[BlackElo "1852"]
[PlyCount "71"]
[EventDate "2013.??.??"]
[EventRounds "7"]
[WhiteTeam "Märkischer Springer Halver-Schal"]
[BlackTeam "SG Solingen e.V."]

1. Nf3 Nf6 2. g3 d5 3. Bg2 c5 4. O-O Nc6 5. d4 cxd4 6. Nxd4 e5 7. Nxc6 bxc6 8.
c4 Bb7 9. cxd5 cxd5 10. Nc3 Rb8 11. Qa4+ Qd7 12. Qxa7 Ra8 13. Qb6 Ra6 14. Qb3
Bc5 15. Rd1 Rb6 16. Qc2 Qc8 17. Qa4+ Bc6 18. Qa5 Nd7 19. Nxd5 Bxd5 20. Rxd5 O-O
21. a3 Bd4 22. Rb5 Rd6 23. Bd2 Bb6 24. Qc3 Qa6 25. Rd5 Bd4 26. Rxd6 Qxd6 27.
Qc2 Qb6 28. e3 Qxb2 29. Qxb2 Bxb2 30. Ra2 Rb8 31. Bb4 Bxa3 32. Bxa3 Rb1+ 33.
Bf1 h5 34. Kg2 g5 35. Rd2 Nf6 36. Rd8+ 1-0

[Event "Solingen-ch 2013"]
[Site "Solingen"]
[Date "2013.10.11"]
[Round "3.4"]
[White "Kniest, Oliver"]
[Black "Vranidis, Athanassios"]
[Result "1-0"]
[WhiteElo "2309"]
[BlackElo "1861"]
[PlyCount "31"]
[EventDate "2013.??.??"]
[EventRounds "7"]
[WhiteTeam "SG Solingen e.V."]
[BlackTeam "SG Solingen e.V."]

1. c4 Nc6 2. d4 d5 3. cxd5 Qxd5 4. e3 e5 5. Nc3 Bb4 6. Bd2 Bxc3 7. Bxc3 exd4 8.
Ne2 Nge7 9. Nxd4 O-O 10. Nb5 Qe4 11. Nxc7 Rd8 12. Qf3 Qxf3 13. gxf3 Rb8 14. Rg1
g6 15. Bc4 Rd7 16. Ne8 1-0

[Event "Solingen-ch 2013"]
[Site "Solingen"]
[Date "2013.10.11"]
[Round "3.5"]
[White "Görke, Joachim"]
[Black "Mentzel, Markus"]
[Result "1/2-1/2"]
[WhiteElo "2094"]
[BlackElo "1760"]
[PlyCount "111"]
[EventDate "2013.??.??"]
[EventRounds "7"]
[WhiteTeam "SG Solingen e.V."]
[BlackTeam "SG Solingen e.V."]

1. d4 Nf6 2. c4 e6 3. Nc3 d5 4. Bg5 Be7 5. Nf3 h6 6. Bf4 O-O 7. e3 c6 8. a3
Nbd7 9. Bd3 dxc4 10. Bxc4 Nd5 11. Nxd5 exd5 12. Bd3 Bf6 13. O-O Re8 14. b4 b6
15. Rc1 Bb7 16. Bb1 Nf8 17. Ne5 Bxe5 18. Bxe5 Ba6 19. Re1 Bc4 20. Qg4 Qg5 21.
Qxg5 hxg5 22. f3 f6 23. Bg3 a5 24. Bc7 axb4 25. axb4 b5 26. Ba5 Kf7 27. Kf2 Re7
28. g3 g6 29. e4 Rae8 30. h3 Ne6 31. Rcd1 Ng7 32. Bb6 Ne6 33. Re3 Rb7 34. Ba5
Ra7 35. Ree1 Rb7 36. Rh1 Rh8 37. Ke3 Ng7 38. h4 gxh4 39. Rxh4 Rbb8 40. Rdh1
Rxh4 41. Rxh4 Re8 42. Kf2 Rg8 43. Rh7 dxe4 44. fxe4 Be6 45. Bd3 Bd7 46. Kf3 g5
47. g4 Kg6 48. e5+ f5 49. Rh2 Be6 50. Rc2 Bd5+ 51. Kg3 Rh8 52. Rf2 Be6 53. Rh2
Rf8 54. Rf2 Rh8 55. Rh2 Rf8 56. Rf2 1/2-1/2

[Event "Solingen-ch 2013"]
[Site "Solingen"]
[Date "2013.10.11"]
[Round "3.6"]
[White "Grah, Uli"]
[Black "Falge, Rainer"]
[Result "1-0"]
[WhiteElo "1809"]
[BlackElo "1731"]
[PlyCount "41"]
[EventDate "2013.??.??"]
[EventRounds "7"]
[WhiteTeam "SG Solingen e.V."]
[BlackTeam "SG Solingen e.V."]

1. e4 d6 2. d4 Nf6 3. Nc3 g6 4. Bg5 Bg7 5. f3 O-O 6. Qd2 c6 7. h4 Qa5 8. O-O-O
b5 9. Kb1 b4 10. Nce2 Be6 11. Nc1 Nbd7 12. g4 Bxg4 13. fxg4 Nxe4 14. Qg2 Nc3+
15. bxc3 bxc3 16. Nb3 Rab8 17. Qxc6 Nf6 18. Bxf6 Bxf6 19. Qa6 Qd5 20. Rh3 Bxd4
21. Qc4 1-0

[Event "Solingen-ch 2013"]
[Site "Solingen"]
[Date "2013.10.11"]
[Round "3.7"]
[White "Nguyen, Gia Huy Philipp"]
[Black "Hobusch, Jan"]
[Result "0-1"]
[WhiteElo "1625"]
[BlackElo "2078"]
[PlyCount "100"]
[EventDate "2013.??.??"]
[EventRounds "7"]
[WhiteTeam "SG Solingen e.V."]
[BlackTeam "SG Solingen e.V."]

1. e4 c6 2. d4 d5 3. e5 c5 4. c4 cxd4 5. Nf3 e6 6. Nxd4 Nc6 7. Nc3 Bb4 8. Nxc6
bxc6 9. Qa4 Bxc3+ 10. bxc3 Ne7 11. Ba3 O-O 12. Be2 Bd7 13. Bc5 Re8 14. O-O Ng6
15. f4 f6 16. exf6 Qxf6 17. cxd5 exd5 18. Bf3 Qf7 19. g3 Nf8 20. Qc2 Bf5 21.
Qa4 Nd7 22. Bf2 Qe6 23. Rfe1 Qd6 24. Rxe8+ Rxe8 25. Qxa7 Be4 26. Qe3 Nf6 27.
Bxe4 Rxe4 28. Qc5 Qe6 29. Qb6 Re2 30. a4 h5 31. Qb4 Qh3 32. Re1 Rxf2 33. Kxf2
Qxh2+ 34. Kf3 Ne4 35. Rxe4 Qh1+ 36. Kf2 dxe4 37. Qd4 Qf3+ 38. Ke1 Qxg3+ 39. Qf2
Qxc3+ 40. Kf1 Qc4+ 41. Kg2 Qxa4 42. Qd2 Qc4 43. Qd8+ Kh7 44. Qg5 Qd5 45. f5
Qa2+ 46. Kg3 Qb3+ 47. Kh4 Qf7 48. Qf4 Qf6+ 49. Kh3 Qc3+ 50. Kh4 Qf3 0-1

[Event "Solingen-ch 2013"]
[Site "Solingen"]
[Date "2013.10.11"]
[Round "3.7"]
[White "Kaiser, Stephan"]
[Black "Große-Hering, Peter"]
[Result "0-1"]
[WhiteElo "1483"]
[BlackElo "1926"]
[PlyCount "50"]
[EventDate "2013.??.??"]
[EventRounds "7"]
[WhiteTeam "SG Solingen e.V."]
[BlackTeam "SG Solingen e.V."]

1. d4 Nf6 2. c4 g6 3. Nc3 Bg7 4. Bg5 d6 5. Nf3 O-O 6. e3 c6 7. Be2 Nbd7 8. O-O
h6 9. Bxf6 Nxf6 10. h3 Qc7 11. Qc2 e5 12. dxe5 dxe5 13. Rfd1 Bf5 14. e4 Be6 15.
b3 Nh5 16. Na4 Rad8 17. Rxd8 Rxd8 18. Rd1 Nf4 19. Nc5 Bc8 20. Nd3 Ne6 21. Qc1
Qa5 22. Qb2 f5 23. b4 Qc7 24. Nd2 Nd4 25. f3 Nxe2+ 0-1

[Event "Solingen-ch 2013"]
[Site "Solingen"]
[Date "2013.10.11"]
[Round "3.9"]
[White "Meckel, Helmut"]
[Black "Kissing, Bastian"]
[Result "1-0"]
[WhiteElo "1831"]
[BlackElo "1577"]
[PlyCount "131"]
[EventDate "2013.??.??"]
[EventRounds "7"]
[WhiteTeam "SG Solingen e.V."]
[BlackTeam "SC Tornado Wuppertal 199"]

1. b4 e6 2. Bb2 Nf6 3. b5 b6 4. e3 Bb7 5. Nf3 d5 6. c4 Nbd7 7. Nc3 Bd6 8. a4
O-O 9. cxd5 Nxd5 10. Bc4 Qf6 11. Rb1 Nxc3 12. Bxc3 Bxf3 13. Qxf3 Qxf3 14. gxf3
Ne5 15. Be2 Rfd8 16. f4 Ng6 17. h4 Be7 18. h5 Nh4 19. Be5 Rd7 20. e4 f6 21. Bg4
Kf7 22. f5 exf5 23. Rxh4 fxg4 24. Bf4 f5 25. Rh1 Rd4 26. d3 fxe4 27. Be3 Rxd3
28. Rg1 Bc5 29. Bxc5 bxc5 30. Rxg4 Re8 31. Rc1 Re5 32. h6 gxh6 33. Rf4+ Ke7 34.
Rg4 Kd7 35. Rg7+ Kc8 36. Rxh7 h5 37. Ke2 Rg5 38. Rh1 Rdd5 39. Rh4 Rge5 40. Ke3
c4 41. Rxe4 Rd3+ 42. Kf4 Rxe4+ 43. Kxe4 Rd2 44. Ke3 Rd5 45. Rh6 c5 46. Ke4 Rg5
47. Rc6+ Kb7 48. f4 Rg3 49. Rxc5 h4 50. Rxc4 h3 51. Rc1 Ra3 52. f5 Rxa4+ 53.
Ke5 Ra5 54. f6 Rxb5+ 55. Ke6 Rb2 56. Re1 h2 57. f7 h1=Q 58. Rxh1 Re2+ 59. Kd7
Rd2+ 60. Ke8 Re2+ 61. Kf8 a5 62. Rh5 a4 63. Kg7 Re7 64. Kg8 Rxf7 65. Kxf7 Kb6
66. Ke6 1-0

[Event "Solingen-ch 2013"]
[Site "Solingen"]
[Date "2013.10.11"]
[Round "3.10"]
[White "Skiber, Friedel"]
[Black "Wolf, Wieland"]
[Result "1-0"]
[WhiteElo "1729"]
[BlackElo "1313"]
[PlyCount "31"]
[EventDate "2013.??.??"]
[EventRounds "7"]
[WhiteTeam "SG Solingen e.V."]
[BlackTeam "SG Solingen e.V."]

1. e4 e5 2. Nf3 Nc6 3. Nc3 Nf6 4. d4 exd4 5. Nxd4 a6 6. f4 Bb4 7. Nxc6 bxc6 8.
Bd3 O-O 9. O-O Bc5+ 10. Kh1 d6 11. f5 h6 12. Qf3 Kh8 13. Ne2 d5 14. e5 Nh7 15.
f6 Bd4 16. Nxd4 1-0

[Event "Solingen-ch 2013"]
[Site "Solingen"]
[Date "2013.10.11"]
[Round "3.11"]
[White "Sherif, Amina"]
[Black "Muschallik, Sven"]
[Result "1-0"]
[WhiteElo "1685"]
[BlackElo "951"]
[PlyCount "73"]
[EventDate "2013.??.??"]
[EventRounds "7"]
[WhiteTeam "SG Solingen e.V."]
[BlackTeam "SG Solingen e.V."]

1. e4 c5 2. Nc3 Nc6 3. g3 g6 4. Bg2 Bg7 5. Nge2 d6 6. d3 Nf6 7. O-O O-O 8. h3
Ne5 9. f4 Nc6 10. g4 e5 11. f5 Nd7 12. Be3 Nd4 13. Qd2 b6 14. Rac1 a5 15. Bh6
Nxe2+ 16. Nxe2 Ba6 17. Nc3 Nf6 18. Bxg7 Kxg7 19. Bf3 Bb7 20. g5 Nh5 21. f6+ Kh8
22. Bxh5 gxh5 23. Qe2 Bc8 24. Qxh5 Qd7 25. Kh2 Qe6 26. Rg1 Rg8 27. Rg4 Rg6 28.
Nd5 Ra7 29. Rf1 Qe8 30. Rh4 Qg8 31. Ne7 Rxg5 32. Nxg8 Rxh5 33. Rxh5 Kxg8 34.
Rg1+ Kf8 35. Rxh7 Ke8 36. Rg8+ Kd7 37. Rxf7+ 1-0

[Event "Solingen-ch 2013"]
[Site "Solingen"]
[Date "2013.10.11"]
[Round "3.12"]
[White "Fränzel, Dr. Marius"]
[Black "Kopernok, Ingo"]
[Result "1-0"]
[WhiteElo "1687"]
[BlackElo "1058"]
[PlyCount "63"]
[EventDate "2013.??.??"]
[EventRounds "7"]
[WhiteTeam "SG Solingen e.V."]
[BlackTeam "SG Solingen e.V."]

1. e4 d6 2. d4 g6 3. Be3 Bg7 4. Nc3 Nf6 5. f3 O-O 6. Qd2 e5 7. O-O-O Bd7 8.
dxe5 dxe5 9. g4 Qe7 10. Bh6 a5 11. Bxg7 Kxg7 12. h4 Rh8 13. Bh3 Be6 14. Kb1 Nc6
15. Nge2 a4 16. g5 Rhd8 17. gxf6+ Qxf6 18. Qe3 Rxd1+ 19. Nxd1 Bxh3 20. Rxh3 Qe6
21. Rh1 b5 22. h5 Rd8 23. Ndc3 Kf8 24. Qh6+ Ke7 25. hxg6 hxg6 26. Qg5+ Kd7 27.
Rd1+ Kc8 28. Rxd8+ Nxd8 29. Qe3 Qc4 30. Nd5 Nc6 31. b3 axb3 32. axb3 1-0

[Event "Solingen-ch 2013"]
[Site "Solingen"]
[Date "2013.10.11"]
[Round "3.14"]
[White "Schröder, Ulrich"]
[Black "Beyer, Fabian"]
[Result "0-1"]
[WhiteElo "1629"]
[BlackElo "1979"]
[PlyCount "92"]
[EventDate "2013.??.??"]
[EventRounds "7"]
[WhiteTeam "SG Ennepe-Ruhr-S"]
[BlackTeam "SG Solingen e.V."]

1. e4 c5 2. Nc3 Nc6 3. Nf3 d6 4. h3 a6 5. a4 g6 6. Bc4 Bg7 7. d3 Nf6 8. O-O O-O
9. Re1 Nd7 10. Nd5 e6 11. Ne3 Rb8 12. c3 b5 13. axb5 axb5 14. Bb3 Nf6 15. Bd2
d5 16. e5 Nd7 17. Ng4 h5 18. Nh6+ Kh8 19. d4 b4 20. g4 hxg4 21. hxg4 Qb6 22.
Bxd5 exd5 23. e6 fxe6 24. Rxe6 Rf6 25. Re8+ Nf8 26. g5 Re6 27. Rxe6 Bxe6 28.
dxc5 Qxc5 29. Be3 Qc4 30. Bd4 bxc3 31. Bxg7+ Kxg7 32. bxc3 Rb3 33. Nd4 Nxd4 34.
Ra7+ Nd7 35. cxd4 Qd3 36. Qxd3 Rxd3 37. Ra4 Kf8 38. Kg2 Ke7 39. f3 Rc3 40. Ra6
Rc4 41. f4 Rxd4 42. f5 gxf5 43. g6 Rh4 44. Nf7 Bxf7 45. gxf7 Kxf7 46. Rd6 Nf6
0-1

[Event "Solingen-ch 2013"]
[Site "Solingen"]
[Date "2013.10.11"]
[Round "3.15"]
[White "Müller, Ernst"]
[Black "Sherif, Malik"]
[Result "1/2-1/2"]
[WhiteElo "1586"]
[BlackElo "1454"]
[PlyCount "77"]
[EventDate "2013.??.??"]
[EventRounds "7"]
[WhiteTeam "SG Solingen e.V."]
[BlackTeam "SG Solingen e.V."]

1. e4 e5 2. Nf3 Nf6 3. Nc3 Nc6 4. Bc4 Bc5 5. d3 d6 6. Bg5 h6 7. Be3 Bxe3 8.
fxe3 Na5 9. Nd2 Bg4 10. Qc1 Nxc4 11. Nxc4 O-O 12. h3 Be6 13. Nd2 Nd7 14. Nf3 c6
15. Qd2 f5 16. exf5 Bxf5 17. e4 Bh7 18. O-O-O Qe8 19. Ne2 Nc5 20. Qe3 Ne6 21.
Rhf1 Nf4 22. Rf2 Nxe2+ 23. Qxe2 Rc8 24. Kb1 Rc7 25. Rdf1 Rcf7 26. a3 Rf6 27.
Nh2 Rxf2 28. Rxf2 c5 29. Rxf8+ Kxf8 30. Qf2+ Qf7 31. Qxf7+ Kxf7 32. Kc1 c4 33.
Kd2 Ke6 34. Ke3 cxd3 35. cxd3 d5 36. exd5+ Kxd5 37. Nf3 e4 38. dxe4+ Bxe4 39.
Ne1 1/2-1/2

[Event "Solingen-ch 2013"]
[Site "Solingen"]
[Date "2013.10.11"]
[Round "3.16"]
[White "Ehringfeld, Michael"]
[Black "Schubert, Florian"]
[Result "1-0"]
[WhiteElo "1360"]
[BlackElo "984"]
[PlyCount "35"]
[EventDate "2013.??.??"]
[EventRounds "7"]
[WhiteTeam "SG Solingen e.V."]
[BlackTeam "SG Solingen e.V."]

1. d4 d5 2. Nf3 Bf5 3. e3 Nc6 4. a3 Nf6 5. Bd3 g6 6. Qe2 Ne4 7. Nbd2 Bg7 8.
Nxe4 dxe4 9. Bb5 exf3 10. Qxf3 Qd7 11. d5 Bg4 12. dxc6 Qe6 13. cxb7+ c6 14.
Qxc6+ Qxc6 15. bxa8=Q+ Kd7 16. Qxc6+ Kd8 17. O-O Bd7 18. Qxd7# 1-0

[Event "Solingen-ch 2013"]
[Site "Solingen"]
[Date "2013.10.11"]
[Round "3.17"]
[White "Barche, Robert"]
[Black "Littek, Oliver"]
[Result "1-0"]
[WhiteElo "1257"]
[BlackElo "982"]
[PlyCount "37"]
[EventDate "2013.??.??"]
[EventRounds "7"]
[WhiteTeam "SG Solingen e.V."]
[BlackTeam "SG Solingen e.V."]

1. c4 e5 2. g3 Nc6 3. Bg2 Nf6 4. Nc3 Bc5 5. e3 O-O 6. Nge2 d6 7. a3 Be6 8. d4
exd4 9. exd4 Nxd4 10. Nxd4 Bxc4 11. Nde2 Ng4 12. O-O Qf6 13. Ne4 Qe7 14. Re1
Rad8 15. N2c3 Rfe8 16. Qxg4 Bd3 17. Bg5 f6 18. Nxf6+ gxf6 19. Bxf6+ 1-0